Datum a čas kvízu
32
Celkem bodů
Celkový počet nahraných bodů na tomto kvízu bez doplňovacích otázek.
5.
Pořadí na kvízu
Konečné umístění týmu na tomto kvízu.
Zaznamenané odpovědi
| # | Otázka | Odpověď | Body | Výsledky |
|---|---|---|---|---|
| 1. | Polistopadový ministr vnitra a... | 0 | ||
| 2. | Parlament jedné země v úterý z... | 1 | ||
| 3. | Televize Nova musela minulý tý... | 1 | ||
| 4. | Slovensko na Den vítězství zač... | 1 | ||
| 5. | Fotbalisté jistého klubu vytvo... | 1 | ||
| 6. | Také se Vám někdy stane, že v... | 0 | ||
| 7. | Napište slovo s českým slovním... | 1 | ||
| 8. | Vzpomeňte si na jednu dříve ho... | 0 | ||
| 9. | Ve filmu Tajemství hradu v Kar... | 1 | ||
| 10. | Kdo hledí pouze na prospěch, t... | 1 |